Evanjelická mládež príloha Nového rodu

Náboženský ev. a. v. časopis pre mládež

Bibliographic Details
Other Authors: Lukáč, Emil Boleslav, 1900-1979 (Publishing director)
Format: Journal
Language:Slovak
PhysicalDescription:zv. 23 x 15 cm (r.1926-1936) 30 x 22 cm (r.1943-1944) 24 x 16 cm (r.1940/41) 21 x 30 cm (r. 1948)
Published: Bratislava Sväz evanjelickej mládeže 1926-1936, 1940-1941, 1943-1944, 1948
Brezová pod Bradlom SEM - Sväz evanjelickej mládeže na Slovensku
Bratislava SEM - Sväz evanjelickej mládeže v Bratislave
Subjects:

MARC

LEADER 00000cas a22000001a 4500
001 vtls010298033
003 SK-MaSNL
005 20260228162402.0
008 200401d19261948xo mr|p 0 b0slo
040 |a SNK  |b slo  |c SNK  |d SVKBB  |e AACR2 
041 0 |a slo 
044 |a xo  |c SK 
072 7 |a 271/279  |x Kresťanské cirkvi, sekty, denominácie  |2 konspekt 
072 7 |a 2  |x Náboženstvo  |2 konspekt 
080 |a 274/278-1/-9  |2 2011 
080 |a 21/29-1/-9  |2 2011 
080 |a 070.482  |2 2011 
245 0 0 |a Evanjelická mládež  |b príloha Nového rodu 
246 3 3 |a Evanjelická mládež  |b mravno-náboženský časopis evanjelickej mládeže slovenskej 
260 |a Bratislava  |b Sväz evanjelickej mládeže  |c 1926-1936, 1940-1941, 1943-1944, 1948 
260 2 |3 1940-1944  |a Brezová pod Bradlom  |b SEM - Sväz evanjelickej mládeže na Slovensku 
260 3 |3 1948  |a Bratislava  |b SEM - Sväz evanjelickej mládeže v Bratislave  |e (Ružomberok  |f Štecko a Trepáč) 
300 |a zv.  |c 23 x 15 cm (r.1926-1936)  |c 30 x 22 cm (r.1943-1944)  |c 24 x 16 cm (r.1940/41)  |c 21 x 30 cm (r. 1948) 
310 |a 10x ročne 
362 0 |a Roč. 3, č. 1 (1926/27) - roč. 12, č. 1 (1935/36) ; roč. 1, č. 1 (1. sept. 1940/41) - roč. 1, č. 10 (1940/41) ; roč. 2, č. 1 (1943) - roč. 3, č. 7 (júl 1944); roč. 4, č. 1 (jan. 1948) - roč. 4, č. 10 (dec. 1948)  |z Bg. Kipsová/1968, č.108, Bg. Fedor/1969, č.93, Bg. Balúnová/1995, č.285 
500 |a Zodp. red.: 1926/27, Emil B. Lukáč. 
500 |a Vyd. Sväz evanjelickej mládeže 
500 |a Tlač r.1926-č.2 (1928): Universum v Bratislave, č.3/1928-1936: Daniel Pažický v Myjave; r.1940/41: Bratia Rázusovci v Liptovskom Mikuláši; r.1943-1944: Tempo, Böhmer a Štepita v Liptovskom Mikuláši 
500 |a Zmena podnázvu: od 1/1934 Sdruženecký vestník. Príloha Nového rodu; od 1/1934/35 Vestník pre dorasty a nedeľné školy. Príloha Nového rodu 
500 |a Red.: 1927/28-1929/30, S. Bobál, J. Bodnár. J. Lacko, V. Koričanský a K. Dérer; 1930/31-1931/32, J. Holčík. G. Plavec; 1932/33-1935/36, P. Tomko 
500 |a V r.1940-1942 bol prikladaný k časopisom: Evanjelický posol zpod Tatier; Nový rod; Stráž na Sione. Od č.8/1943 vychádzal ako samostatný časopis. Časopis v r.1941/1942 samostatne nevyšiel, ale ako súčasť časopisu: Nový rod 
500 |a V r. 1945-1947 nevychádzal. R. 1944 vyšlo len 7 čísiel 
520 |a Náboženský ev. a. v. časopis pre mládež 
610 2 7 |a Evanjelická cirkev a.v.  |2 SNKKA  |9 32425 
650 0 7 |a náboženstvo  |2 SNKPH  |9 2023 
650 0 7 |a mládež  |2 SNKPH  |9 1575 
650 0 7 |a evanjelické náboženstvo  |2 SNKPH  |9 4015 
655 7 |a časopisy pre mládež  |2 SNKPH  |9 70792 
655 7 |a náboženské časopisy  |2 SNKPH  |9 70790 
700 1 |a Lukáč, Emil Boleslav,  |d 1900-1979  |4 pbd  |9 111229 
700 1 |a Bobál, Samuel,  |d 1879-1960  |4 red  |9 222759 
700 1 |a Bodnár, J.  |4 red  |9 270912 
700 1 |a Lacko, J.  |4 red  |9 8356 
700 1 |a Koričanský, V.  |4 red  |9 270913 
700 1 |a Dérer, Koloman  |4 red  |9 270914 
700 1 |a Holčík, Juraj,  |d 1903-1984  |4 red  |9 155504 
700 1 |a Plavec, Gustáv,  |d 1904-1971  |4 red  |9 61781 
700 1 |a Tomko, Pavel,  |d 1901-1972  |4 red  |9 199597 
772 0 |t Nový rod  |w vtls010301802 
772 0 |t Stráž na Sione 
772 0 |t Evanjelický posol zpod Tatier 
852 |a Štátna vedecká knižnica v Banskej Bystrici 
910 |a snk 
916 |a 1926/27-1935/36 
999 |c 7791  |d 9721 
952 |0 0  |1 0  |4 0  |7 0  |8 5  |a SNK  |b SNK  |d 1997-02-26  |f 1  |i snkXI. 3583/55  |l 0  |o snkČSC 311/5/1928-1929  |p 17A0040627  |r 2005-01-02 00:00:00  |t č. 1-10  |w 2026-02-21  |y PREZ 
952 |0 0  |1 0  |4 0  |7 0  |8 0  |a SNK  |b SNK  |d 2003-05-21  |f 1  |i snk3580/55  |l 0  |o snkČSC 311/3/1926-1927  |p 17A0383580  |r 2005-01-02 00:00:00  |t č. 1-8  |w 2026-02-21  |y PREZ  |z č. 1-8, neúplný 
952 |0 0  |1 0  |4 0  |7 0  |8 0  |a SNK  |b SNK  |d 2003-05-21  |f 1  |i snk3581/55  |l 0  |o snkČSC 311/4/1927-1928  |p 17A0383533  |r 2005-01-02 00:00:00  |t č. 1-10  |w 2026-02-21  |y PREZ  |z č. 1-10 
952 |0 0  |1 0  |4 0  |7 0  |8 0  |a SNK  |b SNK  |d 1997-02-26  |f 1  |i snkXI. 3585/55  |l 0  |o snkČSC 311/6/1929-1930  |p 17A0040619  |r 2005-01-02 00:00:00  |t č. 1-10  |w 2026-02-21  |y PREZ 
952 |0 0  |1 0  |3 rekatalogizácia  |4 0  |7 0  |8 5  |a SNK  |b SNK  |d 2007-05-25  |i snkXI. 3582/55  |l 0  |o snkČSC 311/4/1927-1928 D1  |p 17A0654410  |r 2026-02-21 20:20:37  |t č. 1-10  |w 2026-02-21  |y PREZ 
952 |0 0  |1 0  |3 rekatalogizácia  |4 0  |7 0  |8 5  |a SNK  |b SNK  |d 2007-05-25  |i snkXI. 3584/55  |l 0  |o snkČSC 311/5/1928-1929 D1  |p 17A0654411  |r 2026-02-21 20:20:48  |t č. 1-10  |w 2026-02-21  |y PREZ 
952 |0 0  |1 0  |3 rekatalogizácia  |4 0  |7 0  |8 5  |a SNK  |b SNK  |d 2007-05-25  |i snkXI. 3586/55  |l 0  |o snkČSC 311/6/1929-1930 D1  |p 17A0546271  |r 2026-02-21 20:20:48  |t č. 1-10  |w 2026-02-21  |y PREZ 
952 |0 0  |1 0  |3 rekatalogizácia  |4 0  |7 0  |8 5  |a SNK  |b SNK  |d 2007-05-25  |i snkXI. 3587/55  |l 0  |o snkČSC 311/7/1930-1931 D1  |p 17A0546264  |r 2026-02-21 20:20:48  |t č. 1-10  |w 2026-02-21  |y PREZ 
952 |0 0  |1 0  |3 rekatalogizácia  |4 0  |7 0  |8 5  |a SNK  |b SNK  |d 2007-05-25  |i snkXI. 3588/55  |l 0  |o snkČSC 311/8/1931-1932 D1  |p 17A0542113  |r 2026-02-21 20:20:48  |t č. 1-10  |w 2026-02-21  |y PREZ 
952 |0 0  |1 0  |3 rekatalogizácia  |4 0  |7 0  |8 5  |a SNK  |b SNK  |d 2007-05-25  |f 1  |i snkIX. 1932/33  |l 0  |o snkČSC 311/9/1932-1933  |p 17A0654412  |r 2026-02-21 20:20:48  |t č. 1-10  |w 2026-02-21  |y PREZ 
952 |0 0  |1 0  |3 rekatalogizácia  |4 0  |7 0  |8 5  |a SNK  |b SNK  |d 2007-05-25  |f 1  |i snkXI. 3591/55  |l 0  |o snkČSC 311/10/1933-1934  |p 17A0654413  |r 2026-02-21 20:20:48  |t 1 číslo  |w 2026-02-21  |y PREZ 
952 |0 0  |1 0  |3 rekatalogizácia  |4 0  |7 0  |a SNK  |b SNK  |d 2007-05-25  |f 1  |i snkXI. 3592/55  |l 0  |o snkČSC 311/11/1934-1935  |p 17A0654414  |r 2026-02-21 20:20:48  |t č. 1-2  |w 2026-02-21  |y PREZ 
952 |0 0  |1 0  |3 rekatalogizácia  |4 0  |7 0  |a SNK  |b SNK  |d 2007-05-25  |f 1  |i snkXI. 3590/55  |l 0  |o snkČSC 311/12/1935-1936  |p 17A0654415  |r 2026-02-21 20:20:48  |t 1 číslo  |w 2026-02-21  |y PREZ 
952 |0 0  |1 0  |4 0  |7 0  |a SNK  |b SNK  |d 2007-11-14  |f 1  |i snk2742/36  |l 0  |o snkČSC 311/7/1930-1931  |p 17A0565842  |r 2026-02-21 20:21:08  |t č. 1-10  |w 2026-02-21  |y PREZ 
952 |0 0  |1 0  |4 0  |7 0  |a SNK  |b SNK  |d 2007-11-14  |f 1  |i snk2743/36  |l 0  |o snkČSC 311/8/1931-1932  |p 17A0565930  |r 2026-02-21 20:21:08  |t č. 1-10  |w 2026-02-21  |y PREZ 
952 |0 0  |1 0  |3 rekatalogizácia  |4 0  |7 0  |8 5  |a SNK  |b SNK  |d 2007-05-25  |i snkXI. 3539/55  |l 0  |o snkČSC 311/3/1926-1927 D1  |p 17A0654258  |r 2026-02-21 20:29:01  |t č. 1-8  |w 2026-02-21  |y PREZ